000 00398nam a2200169Ia 4500
008 221030s9999 xx 000 0 und d
020 _a8178080656
041 _aEnglish
082 _a105.23
_bMay
100 _aH. Maylor
245 0 _aProject Management
_cby H. Maylor
250 _a2nd
260 _bPearson Education
_aDelhi
_c2000
300 _a292
650 _aBE Management
942 _cBK
999 _c3194
_d3194